[Event "Rheinland Pfalz op 5th"]
[Site "Worms"]
[Date "2013.05.31"]
[Round "3"]
[White "Topp, Bernhard"]
[Black "Baumann, Gerhard"]
[Result "0-1"]
[WhiteElo "1547"]
[BlackElo "1876"]
[PlyCount "54"]
[EventDate "2013.05.30"]
[EventType "swiss"]
[EventRounds "7"]
[EventCountry "GER"]
[SourceTitle "EXT 2014"]
[Source "ChessBase"]
[SourceDate "2013.11.20"]
[SourceVersion "1"]
[SourceVersionDate "2013.11.20"]
[SourceQuality "1"]

1. b3 e5 2. Bb2 Nc6 3. e3 d5 4. Bb5 Qd6 5. Ne2 Nf6 6. 0-0 Bd7 7. f4 e4 8. c4 0-0-0 9. d4 Nb4 10. c5 Qe7 11. Bxd7+ Qxd7 12. h3 h5 13. Bc3 Nd3 14. b4 Be7 15. a4 Rhg8 16. Nc1 Nxc1 17. Qxc1 g5 18. f5 h4 19. Be1 g4 20. Bxh4 gxh3 21. g3 Nh5 22. f6 Nxg3 23. fxe7 Ne2+ 24. Kh1 Rde8 25. Qe1 Qg4 26. Qf2 Qg2+ 27. Qxg2 hxg2+ 0-1

[Event "Rheinland Pfalz op 5th"]
[Site "Worms"]
[Date "2013.05.30"]
[Round "1"]
[White "Topp, Bernhard"]
[Black "Esterluss, Johannes"]
[Result "0-1"]
[WhiteElo "1547"]
[BlackElo "2052"]
[PlyCount "90"]
[EventDate "2013.05.30"]
[EventType "swiss"]
[EventRounds "7"]
[EventCountry "GER"]
[SourceTitle "EXT 2014"]
[Source "ChessBase"]
[SourceDate "2013.11.20"]
[SourceVersion "1"]
[SourceVersionDate "2013.11.20"]
[SourceQuality "1"]

1. b3 d5 2. Bb2 Nf6 3. e3 e6 4. f4 Nbd7 5. Nf3 Bd6 6. Be2 0-0 7. 0-0 b6 8. c4 Bb7 9. Nc3 a6 10. Qc2 c5 11. Bd3 Re8 12. Ne2 Ne4 13. Ng3 f5 14. Bxe4 dxe4 15. Ng5 Nf6 16. d4 h6 17. Nh3 Qe7 18. Rad1 Rad8 19. Qe2 Qf7 20. Rd2 g6 21. Rfd1 Be7 22. dxc5 Rxd2 23. Rxd2 Bxc5 24. Nf1 Bc6 25. a3 a5 26. Nf2 Qe7 27. Qd1 Bxa3 28. Bxf6 Qxf6 29. g4 Bb4 30. Rd4 Bc5 31. Rd2 Kh7 32. Rd7+ Bxd7 33. Qxd7+ Qe7 34. Qd1 Rd8 35. Qe2 Qg7 36. h4 e5 37. Nh3 Rd3 38. Kf2 Bd6 39. g5 exf4 40. gxh6 Qc3 41. Ng5+ Kxh6 42. Nf7+ Kg7 43. Nxd6 Rxd6 44. exf4 Qd3 45. h5 Qxe2+ 0-1